Acteurs jouant dans les Harry Potter - Statistiques

Statistiques générales
  • Ce quiz a été pris 45 fois
  • Le résultat moyen est 10 sur 15
Statistiques - réponses
Hint Réponse % Correct
Daniel Radcliffe Harry Potter
100%
Emma Watson Hermione Granger
97%
Rupert Grint Ron Weasley
90%
Alan Rickman Severus Rogue
90%
Maggie Smith Minerva McGonagall
74%
Ralph Fiennes Voldemort
72%
Bonnie Wright Ginny Weasley
69%
Robbie Coltrane Rubeus Hagrid
69%
Tom Felton Drago Malefoy
64%
Gary Oldman Sirius Black
64%
Matthew Lewis Neville Londubat
59%
Jason Isaacs Lucius Malefoy
44%
David Thewlis Remus Lupin
44%
Emma Thompson Sybille Trelawney
44%
Julie Walters Molly Weasley
41%
Aucun quiz correspondant
Distribution des résultats
% des personnes avec chaque résultat
Percentile par nombre de réponses
Votre historique - résultats
Vous n’avez pas pris ce quiz